000 00555nam a2200193Ia 4500
005 20250508165513.0
008 008 250505s9999 xx 000 0 hin d
037 _aTextual
040 _aFEDL
_beng
_cFEDL
041 _ahin
_2hin
084 _a370.954, NCE
_qFEDL
245 0 _aBharat mein vidyalyee shiksha
245 0 _cNCERT
260 _aNew Delhi, India
_bNational Council of Educational Research and Training
_c1986
300 _axvi, 340p.
365 _aINR
_b88
942 _cTEXL
_h370.954, NCE
999 _c1395500
_d1395500